[Event "Titled Tuesday intern op 17th May Late"]
[Site "Chess.com INT"]
[Date "2022.05.17"]
[Round "9"]
[White "Paravyan, David"]
[Black "Rozovsky, Daniel"]
[Result "1-0"]
[WhiteElo "2617"]
[BlackElo "2085"]
[PlyCount "107"]
[EventDate "2022.05.17"]
[EventType "swiss (blitz)"]
[EventRounds "11"]
[EventCountry "USA"]
[SourceTitle "CBM 208 Extra"]
[Source "ChessBase"]
[SourceDate "2022.07.31"]
[SourceVersion "1"]
[SourceVersionDate "2022.07.31"]
[SourceQuality "1"]

1. e4 e5 2. Nf3 Nc6 3. Nc3 Nf6 4. d4 exd4 5. Nxd4 d6 6. Be2 Bd7 7. 0-0 Be7 8. Re1 0-0 9. Nxc6 Bxc6 10. Bc4 a6 11. a4 Nd7 12. Bf4 Ne5 13. Bb3 b5 14. Nd5 Kh8 15. axb5 axb5 16. Rxa8 Bxa8 17. Qh5 Bxd5 18. Bxd5 c6 19. Bb3 Ng6 20. Bg3 Bf6 21. Rd1 Be5 22. c3 Qf6 23. Qf5 Qxf5 24. exf5 Nf4 25. Bxf4 Bxf4 26. g3 Bg5 27. Rxd6 Bc1 28. Bxf7 Rc8 29. Be6 Rb8 30. b4 g6 31. f6 Rf8 32. Bb3 Bg5 33. f7 Kg7 34. Rxc6 Bf6 35. Kg2 Rd8 36. h4 Be5 37. Rc5 Bf6 38. Rc7 Be5 39. Re7 Bd6 40. Re8 Rd7 41. Rg8+ Kh6 42. f8Q+ Bxf8 43. Rxf8 Rd3 44. Rf3 Rd7 45. c4 Kh5 46. cxb5 h6 47. Rf7 Rd6 48. Rf6 Rd3 49. Rf5+ gxf5 50. Bf7+ Kg4 51. f3+ Rxf3 52. Bh5+ Kxh5 53. Kxf3 f4 54. b6 1-0

[Event "Titled Tuesday intern op 17th May Late"]
[Site "Chess.com INT"]
[Date "2022.05.17"]
[Round "3"]
[White "Rozovsky, Daniel"]
[Black "Jarocka, Liwia"]
[Result "0-1"]
[WhiteElo "2085"]
[BlackElo "2006"]
[PlyCount "80"]
[EventDate "2022.05.17"]
[EventType "swiss (blitz)"]
[EventRounds "11"]
[EventCountry "USA"]
[SourceTitle "CBM 208 Extra"]
[Source "ChessBase"]
[SourceDate "2022.07.31"]
[SourceVersion "1"]
[SourceVersionDate "2022.07.31"]
[SourceQuality "1"]

1. e4 c6 2. d4 d5 3. e5 Bf5 4. Nf3 e6 5. Be2 c5 6. Be3 Nc6 7. dxc5 Qa5+ 8. c3 Qc7 9. Nd4 Bxb1 10. Rxb1 Nxe5 11. Bf4 Bxc5 12. Qa4+ Kf8 13. 0-0 Ne7 14. Rfe1 N7g6 15. Bd3 Nxf4 16. Bf1 Nc6 17. Nb5 Qe7 18. Qxf4 a6 19. Nc7 Bd6 20. Nxe6+ Qxe6 21. Qf3 Ne5 22. Qh5 Re8 23. g3 Qg6 24. Qd1 Qf6 25. Bg2 g6 26. Qxd5 Kg7 27. h3 Nc6 28. Rf1 Bc7 29. Kh2 Qd6 30. Qc4 h5 31. Rbd1 Qe6 32. Qa4 h4 33. Kg1 hxg3 34. fxg3 Bxg3 35. Rf3 Bc7 36. Rdf1 Bb6+ 37. Kh1 Re7 38. b4 Ne5 39. Rf4 Rxh3+ 40. Bxh3 Qxh3# 0-1

[Event "Titled Tuesday intern op 30th Mar"]
[Site "Chess.com INT"]
[Date "2021.03.30"]
[Round "1"]
[White "Rozovsky, Daniel"]
[Black "Tharushi, THD Niklesha"]
[Result "1-0"]
[WhiteElo "2085"]
[BlackElo "1711"]
[PlyCount "69"]
[EventDate "2021.03.30"]
[EventType "swiss (blitz)"]
[EventRounds "11"]
[EventCountry "USA"]
[SourceTitle "CBM 201 Extra"]
[Source "ChessBase"]
[SourceDate "2021.05.31"]
[SourceVersion "1"]
[SourceVersionDate "2021.05.31"]
[SourceQuality "1"]

1. e4 c6 2. d4 d5 3. exd5 cxd5 4. Bd3 Nf6 5. c3 Nc6 6. Bf4 e6 7. Nf3 Bd6 8. Bg3 0-0 9. 0-0 Re8 10. Re1 Qc7 11. Qe2 Nd7 12. Bxh7+ Kxh7 13. Ng5+ Kg8 14. Qh5 Nf6 15. Bxd6 Nxh5 16. Bxc7 f6 17. Nf3 Bd7 18. g4 Rac8 19. Bd6 e5 20. gxh5 Bg4 21. Nbd2 exd4 22. Rxe8+ Rxe8 23. Nxd4 Nxd4 24. cxd4 Bxh5 25. Rc1 Re2 26. Bf4 g5 27. Be3 Kg7 28. Kf1 Kg6 29. Re1 Rxe1+ 30. Kxe1 Kf5 31. Nb3 Kg4 32. Kf1 f5 33. Kg2 f4 34. f3+ Kh4 35. Bf2# 1-0

[Event "Chess.com Bullet op2"]
[Site "Chess.com INT"]
[Date "2020.12.19"]
[Round "13"]
[White "Maly, Alexey"]
[Black "Rozovsky, Daniel"]
[Result "1/2-1/2"]
[WhiteElo "2371"]
[BlackElo "2085"]
[PlyCount "128"]
[EventDate "2020.12.19"]
[EventType "swiss (blitz)"]
[EventRounds "21"]
[EventCountry "USA"]
[SourceTitle "EXT 2022"]
[Source "ChessBase"]
[SourceDate "2021.10.06"]
[SourceVersion "1"]
[SourceVersionDate "2021.10.06"]
[SourceQuality "1"]

1. d4 Nf6 2. c4 e6 3. Nf3 d5 4. e3 Be7 5. Nbd2 0-0 6. Bd3 b6 7. 0-0 Bb7 8. Qe2 dxc4 9. Nxc4 Nbd7 10. b3 c5 11. Bb2 cxd4 12. Nxd4 Nc5 13. Bc2 Qc7 14. Rac1 Rac8 15. Bb1 Qb8 16. Rfd1 Nce4 17. f3 Nc5 18. e4 Rfd8 19. e5 Ne8 20. Kh1 g6 21. b4 Na4 22. Ba1 Bxb4 23. Nd6 Nxd6 24. exd6 Bxd6 25. Rxc8 Qxc8 26. Nb5 Be7 27. Nxa7 Rxd1+ 28. Qxd1 Qd8 29. Qxa4 Ba6 30. Qd4 Bf6 31. Qxd8+ Bxd8 32. Nc6 Bc7 33. Ne5 f6 34. Nd3 Bc4 35. Nb2 b5 36. Nxc4 bxc4 37. Bc3 e5 38. Bc2 Ba5 39. Bxa5 Kf8 40. Bc3 Ke7 41. Kg1 Kd7 42. Kf2 Kc6 43. Ke2 Kc5 44. Kd2 Kc6 45. a4 Kd5 46. a5 Kc5 47. Ba4 Kd5 48. a6 Kd6 49. a7 Kc7 50. a8Q Kd6 51. Qe4 Ke7 52. Qxc4 Kf8 53. Bxe5 Kg7 54. Qe6 Kh6 55. Bxf6 g5 56. Qh3+ Kg6 57. Qg4 Kf7 58. h4 gxh4 59. Qxh4 Ke6 60. Qg5 Kd6 61. Qg7 Kc5 62. Qxh7 Kb4 63. Qe4+ Ka3 64. Be7+ Ka2 1/2-1/2

[Event "Chess.com Bullet op2"]
[Site "Chess.com INT"]
[Date "2020.12.19"]
[Round "4"]
[White "Narayanan, Samrug"]
[Black "Rozovsky, Daniel"]
[Result "1/2-1/2"]
[WhiteElo "2100"]
[BlackElo "2085"]
[PlyCount "141"]
[EventDate "2020.12.19"]
[EventType "swiss (blitz)"]
[EventRounds "21"]
[EventCountry "USA"]
[SourceTitle "EXT 2022"]
[Source "ChessBase"]
[SourceDate "2021.10.06"]
[SourceVersion "1"]
[SourceVersionDate "2021.10.06"]
[SourceQuality "1"]

1. e4 e5 2. Nf3 Nc6 3. Bb5 a6 4. Ba4 Nf6 5. 0-0 b5 6. Bb3 Be7 7. Re1 d6 8. c3 0-0 9. h3 Nb8 10. d4 Nbd7 11. Nbd2 Bb7 12. Bc2 Re8 13. Nf1 Bf8 14. Ng3 g6 15. a4 Bg7 16. Bd3 c6 17. Bg5 Qc7 18. Qd2 d5 19. exd5 Nxd5 20. axb5 axb5 21. Bh6 exd4 22. Bxg7 Kxg7 23. Nxd4 Qf4 24. Qxf4 Nxf4 25. Bf1 Rxa1 26. Rxa1 Ra8 27. Rxa8 Bxa8 28. Ne4 c5 29. Nxb5 Bxe4 30. Nd6 Bd3 31. b4 Bxf1 32. Kxf1 cxb4 33. cxb4 Nd5 34. b5 Kf6 35. Nc4 Ke6 36. Ke2 N7b6 37. Nd2 Nc7 38. g3 Nxb5 39. Kf3 Nd6 40. Nf1 f5 41. Kg2 Ke5 42. Ne3 Nbc4 43. Nc2 Ne4 44. Ne1 f4 45. Nd3+ Kf5 46. Nxf4 Nf6 47. Ne2 Ne5 48. g4+ Ke6 49. f4 Nexg4 50. Kg3 Nh6 51. Ng1 Nf5+ 52. Kf2 Nd5 53. Nf3 Nxf4 54. Kf1 Nxh3 55. Ne1 Nf4 56. Kf2 Nd5 57. Kf3 Nde3 58. Ke4 g5 59. Nf3 g4 60. Ng5+ Kf6 61. Nxh7+ Kg6 62. Nf8+ Kf7 63. Nd7 Ke7 64. Ne5 g3 65. Nf3 Ke8 66. Kf4 Kd8 67. Kg5 g2 68. Kh5 g1Q 69. Nxg1 Ng2 70. Kg4 Nge3+ 71. Kg5 1/2-1/2

[Event "Chess.com Bullet op2"]
[Site "Chess.com INT"]
[Date "2020.12.19"]
[Round "8"]
[White "Potapova, Margarita"]
[Black "Rozovsky, Daniel"]
[Result "1-0"]
[WhiteElo "2277"]
[BlackElo "2085"]
[PlyCount "113"]
[EventDate "2020.12.19"]
[EventType "swiss (blitz)"]
[EventRounds "21"]
[EventCountry "USA"]
[SourceTitle "EXT 2022"]
[Source "ChessBase"]
[SourceDate "2021.10.06"]
[SourceVersion "1"]
[SourceVersionDate "2021.10.06"]
[SourceQuality "1"]

1. d4 Nf6 2. c4 e6 3. Nc3 Bb4 4. Qc2 d5 5. cxd5 Qxd5 6. Nf3 Bxc3+ 7. bxc3 0-0 8. g3 b6 9. Bg2 c6 10. 0-0 Qd7 11. Bf4 Ba6 12. Ne5 Qe8 13. Rfd1 Nd5 14. Bd2 Nd7 15. e4 Nxe5 16. exd5 Nc4 17. dxc6 Rc8 18. Bf4 Bb5 19. c7 Bc6 20. Qd3 b5 21. a4 a6 22. axb5 Bxb5 23. Qc2 e5 24. dxe5 Nxe5 25. Re1 f6 26. Bd2 Qd7 27. Be3 Rxc7 28. Rad1 Qe7 29. Bd5+ Kh8 30. Bd4 Qd6 31. Bg2 Qa3 32. f4 Nc4 33. Qf5 Nb2 34. Be4 g6 35. Bxf6+ Kg8 36. Qe6+ Rcf7 37. Rd8 Bc4 38. Qd6 Qxd6 39. Rxd6 Rxf6 40. Rd7 R6f7 41. Rd4 Kg7 42. Kf2 Rf6 43. Rb1 R8f7 44. Rxb2 g5 45. Ke3 gxf4+ 46. gxf4 Rxf4 47. Rg2+ Kh8 48. Rg3 Rxe4+ 49. Rxe4 Be6 50. Rxe6 Rf3+ 51. Kxf3 h6 52. Re8+ Kh7 53. Re7+ Kh8 54. Reg7 h5 55. Rg8+ Kh7 56. R3g7+ Kh6 57. Rg6+ 1-0

[Event "Chess.com Bullet op2"]
[Site "Chess.com INT"]
[Date "2020.12.19"]
[Round "17"]
[White "Rozovsky, Daniel"]
[Black "Musovic, Armin"]
[Result "1-0"]
[WhiteElo "2085"]
[BlackElo "2235"]
[PlyCount "113"]
[EventDate "2020.12.19"]
[EventType "swiss (blitz)"]
[EventRounds "21"]
[EventCountry "USA"]
[SourceTitle "EXT 2022"]
[Source "ChessBase"]
[SourceDate "2021.10.06"]
[SourceVersion "1"]
[SourceVersionDate "2021.10.06"]
[SourceQuality "1"]

1. d4 d5 2. Bf4 c5 3. e3 Nc6 4. c3 a6 5. Nf3 Nf6 6. Nbd2 Bg4 7. Bd3 e6 8. 0-0 Bh5 9. dxc5 Bxc5 10. b4 Be7 11. Qc2 0-0 12. Nd4 Re8 13. Nxc6 bxc6 14. Be5 Nd7 15. Bxh7+ Kh8 16. Bg3 Bh4 17. Bd3 Bg5 18. Nf3 Bh6 19. Nd4 Rc8 20. e4 e5 21. Nf5 a5 22. Nxh6 gxh6 23. exd5 cxd5 24. Be2 Bg6 25. Bd3 e4 26. Bb5 axb4 27. Qb3 Nc5 28. Qxb4 Nd3 29. Qd4+ Kh7 30. a4 Re6 31. a5 Nc5 32. a6 Nb3 33. Qb4 Nxa1 34. Rxa1 e3 35. fxe3 Rxe3 36. Bf2 Re4 37. Qa5 Qf6 38. a7 Rf4 39. Bd4 Rxd4 40. cxd4 Qxd4+ 41. Kh1 Ra8 42. h3 Qe5 43. Qe1 Be4 44. Bd3 Rxa7 45. Bxe4+ dxe4 46. Rxa7 Qg7 47. Qf2 f5 48. Rxg7+ Kxg7 49. Qxf5 h5 50. Qe5+ Kg6 51. Qxe4+ Kh6 52. Qe3+ Kg6 53. Qe2 Kf5 54. Kh2 Kg6 55. g3 Kg7 56. Qf2 Kg8 57. Qf4 1-0

[Event "Chess.com Bullet op2"]
[Site "Chess.com INT"]
[Date "2020.12.19"]
[Round "5"]
[White "Rozovsky, Daniel"]
[Black "Rodriguez, Santiago"]
[Result "1-0"]
[WhiteElo "2085"]
[BlackElo "2252"]
[PlyCount "51"]
[EventDate "2020.12.19"]
[EventType "swiss (blitz)"]
[EventRounds "21"]
[EventCountry "USA"]
[SourceTitle "EXT 2022"]
[Source "ChessBase"]
[SourceDate "2021.10.06"]
[SourceVersion "1"]
[SourceVersionDate "2021.10.06"]
[SourceQuality "1"]

1. d4 Nf6 2. Bf4 e6 3. e3 d5 4. Nd2 Bd6 5. Bg3 c5 6. c3 Qc7 7. Ngf3 Bxg3 8. hxg3 Nbd7 9. Bd3 e5 10. dxe5 Nxe5 11. Nxe5 Qxe5 12. Nf3 Qe7 13. Qc2 Bg4 14. 0-0-0 0-0-0 15. Bf5+ Bxf5 16. Qxf5+ Qd7 17. Qg5 Ne4 18. Qxg7 Nxf2 19. Rxh7 Rxh7 20. Qxh7 Nxd1 21. Kxd1 Qe6 22. Kd2 Qe4 23. Qxf7 Qa4 24. Qf5+ Kb8 25. Qf4+ Ka8 26. Qxa4 1-0

[Event "Chess.com Bullet op2"]
[Site "Chess.com INT"]
[Date "2020.12.19"]
[Round "7"]
[White "Starozhilov, Leonid"]
[Black "Rozovsky, Daniel"]
[Result "1-0"]
[WhiteElo "2318"]
[BlackElo "2085"]
[PlyCount "97"]
[EventDate "2020.12.19"]
[EventType "swiss (blitz)"]
[EventRounds "21"]
[EventCountry "USA"]
[SourceTitle "EXT 2022"]
[Source "ChessBase"]
[SourceDate "2021.10.06"]
[SourceVersion "1"]
[SourceVersionDate "2021.10.06"]
[SourceQuality "1"]

1. e4 e5 2. Nc3 Nc6 3. Nf3 Nf6 4. Bb5 Bc5 5. Bxc6 dxc6 6. d3 Qe7 7. Be3 0-0 8. h3 Bb6 9. 0-0 Rd8 10. Re1 Bd7 11. Nd2 c5 12. Nc4 Bc6 13. Qf3 Qe6 14. Bg5 Rd4 15. Bxf6 gxf6 16. Ne3 Kh8 17. Ncd5 Bxd5 18. Nxd5 c4 19. Rad1 cxd3 20. Rxd3 Rxd3 21. cxd3 c6 22. Qxf6+ Qxf6 23. Nxf6 Bd4 24. b3 a5 25. a3 a4 26. b4 c5 27. b5 Ra5 28. Rb1 Bc3 29. Nd5 Bd4 30. Kf1 Ra8 31. Ke2 Rc8 32. Rc1 Bb2 33. Rc2 Bxa3 34. Ra2 Bc1 35. Rxa4 Bh6 36. b6 Bf8 37. Ra7 Rc6 38. Rxb7 c4 39. Rc7 cxd3+ 40. Kxd3 Rd6 41. b7 Rd8 42. Rc8 Kg7 43. Rxd8 Bd6 44. b8Q Kh6 45. Rc8 Kh5 46. Qxd6 Kh4 47. Qf6+ Kh5 48. f4 h6 49. g4# 1-0

[Event "Titled Tuesday intern op 08th Sept"]
[Site "Chess.com INT"]
[Date "2020.09.08"]
[Round "5"]
[White "Nguyen, Dang Hong Phuc"]
[Black "Rozovsky, Daniel"]
[Result "0-1"]
[WhiteElo "2294"]
[BlackElo "2085"]
[PlyCount "84"]
[EventDate "2020.09.08"]
[EventType "swiss (blitz)"]
[EventRounds "10"]
[EventCountry "USA"]
[SourceTitle "CBM 198 Extra"]
[Source "ChessBase"]
[SourceDate "2020.11.30"]
[SourceVersion "1"]
[SourceVersionDate "2020.11.30"]
[SourceQuality "1"]

1. Nf3 Nf6 2. c4 e6 3. e3 d5 4. b3 Be7 5. Bb2 0-0 6. g3 b6 7. Bg2 Bb7 8. 0-0 dxc4 9. bxc4 c5 10. Qe2 Qc7 11. Nc3 Nc6 12. Nh4 Rad8 13. d3 Nb4 14. Rad1 Bxg2 15. Nxg2 Rd7 16. f4 Rfd8 17. Ne1 a6 18. g4 h6 19. g5 hxg5 20. fxg5 Nh7 21. Ne4 Bxg5 22. Nxg5 Nxg5 23. Qg4 f6 24. h4 Nh7 25. Bxf6 Nxf6 26. Rxf6 Rf7 27. Rg6 Qe5 28. Qxe6 Qb2 29. Rg2 Qc3 30. Nf3 Kf8 31. Ng5 Rdd7 32. Nxf7 Rxf7 33. Qc8+ Ke7 34. Qc7+ Ke8 35. Qxb6 Qe5 36. Re1 Nxd3 37. Ree2 Qe4 38. Qb8+ Ke7 39. Qg3 Ne5 40. Qg5+ Ke6 41. Qg6+ Nxg6 42. Rg5 Ne5 0-1

[Event "Titled Tuesday intern op 08th Sept"]
[Site "Chess.com INT"]
[Date "2020.09.08"]
[Round "2"]
[White "Silva, Winston Joseph R"]
[Black "Rozovsky, Daniel"]
[Result "0-1"]
[WhiteElo "1892"]
[BlackElo "2085"]
[PlyCount "34"]
[EventDate "2020.09.08"]
[EventType "swiss (blitz)"]
[EventRounds "10"]
[EventCountry "USA"]
[SourceTitle "CBM 198 Extra"]
[Source "ChessBase"]
[SourceDate "2020.11.30"]
[SourceVersion "1"]
[SourceVersionDate "2020.11.30"]
[SourceQuality "1"]

1. d4 Nf6 2. e3 e6 3. Bd3 c5 4. c3 Nc6 5. f4 Be7 6. Nd2 b6 7. Ngf3 d6 8. 0-0 Bb7 9. Qe2 0-0 10. e4 Qc7 11. e5 Nd5 12. Ne4 cxd4 13. Nfg5 h6 14. Nf6+ Bxf6 15. Nh7 Be7 16. Nxf8 Bxf8 17. Rf3 dxe5 0-1

[Event "Titled Tuesday intern op 7th April"]
[Site "Chess.com INT"]
[Date "2020.04.07"]
[Round "4"]
[White "Melian, Juan Sebastian"]
[Black "Rozovsky, Daniel"]
[Result "1-0"]
[WhiteElo "1950"]
[BlackElo "2085"]
[PlyCount "97"]
[EventDate "2020.04.07"]
[EventType "swiss (blitz)"]
[EventRounds "10"]
[EventCountry "USA"]
[SourceTitle "EXT 2021"]
[Source "ChessBase"]
[SourceDate "2020.10.23"]
[SourceVersion "1"]
[SourceVersionDate "2020.10.23"]
[SourceQuality "1"]

1. d4 Nf6 2. Nf3 e6 3. c3 b6 4. Bg5 Bb7 5. Nbd2 Be7 6. e3 Ne4 7. Bxe7 Qxe7 8. Bd3 d5 9. Qe2 Nxd2 10. Nxd2 f5 11. f3 0-0 12. 0-0 Nd7 13. e4 fxe4 14. fxe4 Rae8 15. Rae1 Rxf1+ 16. Rxf1 e5 17. exd5 exd4 18. Qh5 Nf6 19. Rxf6 gxf6 20. Bxh7+ Kg7 21. Be4 Rg8 22. cxd4 Kf8 23. Qf5 Rg5 24. Qf4 Bxd5 25. Bxd5 Rxd5 26. Nf3 Ke8 27. h4 Rh5 28. Qg4 Rh7 29. Qg8+ Kd7 30. Qd5+ Qd6 31. Qf5+ Kc6 32. Qxh7 Kb5 33. Qd3+ Kc6 34. d5+ Kb7 35. h5 Qc5+ 36. Kh2 a5 37. h6 Qc1 38. Qg6 Qf4+ 39. Qg3 Qc1 40. h7 Qh6+ 41. Qh4 Qf4+ 42. Qxf4 a4 43. h8Q a3 44. Qhxf6 axb2 45. Q6d4 b1Q 46. Qfe4 Qc1 47. d6+ c6 48. Qe7+ Ka6 49. Qa4# 1-0

[Event "Titled Tuesday intern op 7th April"]
[Site "Chess.com INT"]
[Date "2020.04.07"]
[Round "2"]
[White "Rozovsky, Daniel"]
[Black "Daurelle, Herve"]
[Result "1-0"]
[WhiteElo "2085"]
[BlackElo "2205"]
[PlyCount "53"]
[EventDate "2020.04.07"]
[EventType "swiss (blitz)"]
[EventRounds "10"]
[EventCountry "USA"]
[SourceTitle "EXT 2021"]
[Source "ChessBase"]
[SourceDate "2020.10.23"]
[SourceVersion "1"]
[SourceVersionDate "2020.10.23"]
[SourceQuality "1"]

1. e4 c5 2. Nf3 d6 3. d4 cxd4 4. Nxd4 Nf6 5. Nc3 g6 6. Bc4 Bg7 7. Bb3 0-0 8. f3 Nc6 9. Be3 Bd7 10. Qd2 Na5 11. 0-0-0 Rb8 12. Kb1 b5 13. g4 Nc4 14. Bxc4 bxc4 15. Ka1 Qb6 16. Rb1 Qa6 17. Bh6 Bxh6 18. Qxh6 Rb6 19. h4 Rfb8 20. h5 e5 21. Nf5 Bxf5 22. gxf5 Qa5 23. hxg6 fxg6 24. fxg6 R6b7 25. gxh7+ Nxh7 26. Rbg1+ Kh8 27. Qf6+ 1-0

[Event "Titled Tuesday intern op 3rd July"]
[Site "Chess.com INT"]
[Date "2018.07.03"]
[Round "10"]
[White "Martinez Reyes, Pedro Ramon"]
[Black "Rozovsky, Daniel"]
[Result "1/2-1/2"]
[WhiteElo "2412"]
[BlackElo "2117"]
[PlyCount "147"]
[EventDate "2018.07.03"]
[EventType "swiss (blitz)"]
[EventRounds "10"]
[EventCountry "USA"]
[SourceTitle "EXT 2021"]
[Source "ChessBase"]
[SourceDate "2020.10.23"]
[SourceVersion "1"]
[SourceVersionDate "2020.10.23"]
[SourceQuality "1"]

1. e4 e5 2. Nf3 Nc6 3. Bb5 a6 4. Ba4 Nf6 5. Kf1 b5 6. Bb3 Be7 7. d3 0-0 8. a3 d5 9. exd5 Nxd5 10. Nc3 Be6 11. Bd2 Nxc3 12. Bxc3 Bxb3 13. cxb3 Qd5 14. b4 Rad8 15. Qe2 Bf6 16. Qe4 Qxd3+ 17. Qxd3 Rxd3 18. Ke2 Rfd8 19. Rhd1 e4 20. Ne1 Nd4+ 21. Bxd4 R3xd4 22. Rxd4 Rxd4 23. Rc1 Rc4 24. Rxc4 bxc4 25. Ke3 Bxb2 26. Kxe4 Bxa3 27. Nc2 Bb2 28. Kd5 Bc3 29. Kc6 a5 30. b5 Be5 31. g3 a4 32. f4 Bc3 33. Kxc7 g5 34. fxg5 Kg7 35. b6 Kg6 36. b7 Be5+ 37. Kc6 Kxg5 38. Kd5 Bc7 39. Kxc4 Kg4 40. Kd4 Kh3 41. Ke4 Kxh2 42. g4 Kg3 43. Kf5 f6 44. Na3 Kf3 45. Nb5 Bb8 46. Nd4+ Ke3 47. Nc6 Bd6 48. Kxf6 a3 49. Ke6 Bc7 50. Kd7 Bf4 51. Nb4 Kf3 52. g5 Kg4 53. Nd5 Bb8 54. Kc8 a2 55. Kxb8 a1Q 56. Kc8 Qc1+ 57. Nc7 Qxg5 58. b8Q Qg8+ 59. Kb7 Qxb8+ 60. Kxb8 h5 61. Nd5 h4 62. Ne3+ Kf3 63. Nf1 Kg2 64. Ne3+ Kf2 65. Ng4+ Kf3 66. Nh2+ Kf4 67. Kc7 h3 68. Kd6 Kg3 69. Nf1+ Kg2 70. Ne3+ Kg1 71. Ng4 Kg2 72. Ke5 Kf3 73. Kf5 h2 74. Nxh2+ 1/2-1/2

[Event "Titled Tuesday intern op 3rd July"]
[Site "Chess.com INT"]
[Date "2018.07.03"]
[Round "3"]
[White "Rozovsky, Daniel"]
[Black "Bernadskiy, Vitaliy"]
[Result "0-1"]
[WhiteElo "2117"]
[BlackElo "2586"]
[PlyCount "104"]
[EventDate "2018.07.03"]
[EventType "swiss (blitz)"]
[EventRounds "10"]
[EventCountry "USA"]
[SourceTitle "EXT 2021"]
[Source "ChessBase"]
[SourceDate "2020.10.23"]
[SourceVersion "1"]
[SourceVersionDate "2020.10.23"]
[SourceQuality "1"]

1. e4 e6 2. d4 d5 3. Nd2 Nc6 4. Ngf3 Nf6 5. exd5 exd5 6. c3 Bd6 7. Bd3 Bg4 8. 0-0 0-0 9. Re1 Re8 10. Rxe8+ Qxe8 11. Nf1 Ne4 12. Ne3 Be6 13. Bxe4 dxe4 14. Ng5 Bd7 15. Qc2 Be7 16. Nxe4 f5 17. Nc5 Bxc5 18. dxc5 Qe5 19. Nf1 Be6 20. Be3 f4 21. Bd2 f3 22. Re1 Qf6 23. gxf3 Ne5 24. Re4 Nxf3+ 25. Kg2 Bd5 26. Ng3 Rf8 27. Kf1 Nxh2+ 28. Ke1 Qxf2+ 29. Kd1 Qxg3 30. Re1 Nf3 31. Rf1 Qg2 32. Re1 Nxe1 33. Bxe1 Bf3+ 34. Kc1 Qxc2+ 35. Kxc2 Be4+ 36. Kb3 c6 37. Bg3 a6 38. Bd6 Rf2 39. Kb4 Rxb2+ 40. Ka5 Rb5+ 41. Ka4 Bc2+ 42. Ka3 h5 43. c4 Rb1 44. Bg3 Bd3 45. Be5 b5 46. Bd4 a5 47. Bc3 b4+ 48. Ka4 bxc3 49. Ka3 c2 50. Ka4 c1Q 51. a3 Qxc4+ 52. Kxa5 Qb5# 0-1

[Event "Titled Tuesday intern op 3rd July"]
[Site "Chess.com INT"]
[Date "2018.07.03"]
[Round "9"]
[White "Rozovsky, Daniel"]
[Black "Gross, Nicholas"]
[Result "1-0"]
[WhiteElo "2117"]
[BlackElo "2116"]
[PlyCount "55"]
[EventDate "2018.07.03"]
[EventType "swiss (blitz)"]
[EventRounds "10"]
[EventCountry "USA"]
[SourceTitle "EXT 2021"]
[Source "ChessBase"]
[SourceDate "2020.10.23"]
[SourceVersion "1"]
[SourceVersionDate "2020.10.23"]
[SourceQuality "1"]

1. e4 c5 2. Nf3 d6 3. d4 cxd4 4. Nxd4 Nf6 5. Nc3 g6 6. Bc4 Bg7 7. Bb3 0-0 8. f3 Nc6 9. Be3 Bd7 10. Qd2 Ne5 11. 0-0-0 Rc8 12. Kb1 Nc4 13. Bxc4 Rxc4 14. h4 h5 15. g4 hxg4 16. h5 Nxh5 17. fxg4 Rxc3 18. gxh5 Rxe3 19. Qxe3 Bg4 20. Rdg1 gxh5 21. Nf5 Qb6 22. Qxb6 axb6 23. Nxg7 Kxg7 24. Rxh5 Kg6 25. Rh4 f5 26. exf5+ Kxf5 27. Rf1+ Kg5 28. Rxg4+ 1-0

[Event "Titled Tuesday intern op 3rd July"]
[Site "Chess.com INT"]
[Date "2018.07.03"]
[Round "5"]
[White "Wu, Rochelle"]
[Black "Rozovsky, Daniel"]
[Result "0-1"]
[WhiteElo "2042"]
[BlackElo "2117"]
[PlyCount "86"]
[EventDate "2018.07.03"]
[EventType "swiss (blitz)"]
[EventRounds "10"]
[EventCountry "USA"]
[SourceTitle "EXT 2021"]
[Source "ChessBase"]
[SourceDate "2020.10.23"]
[SourceVersion "1"]
[SourceVersionDate "2020.10.23"]
[SourceQuality "1"]

1. e4 e5 2. Nf3 Nc6 3. Bb5 a6 4. Ba4 Nf6 5. 0-0 b5 6. Bb3 Be7 7. Re1 d6 8. c3 0-0 9. h3 Na5 10. Bc2 c5 11. d4 Qc7 12. d5 Bd7 13. Nbd2 Nb7 14. Nf1 Nd8 15. Ng3 Ne8 16. Be3 g6 17. Bh6 Ng7 18. Qd2 f6 19. Rad1 Nf7 20. Be3 f5 21. exf5 gxf5 22. Bh6 Nxh6 23. Qxh6 Rf6 24. Qg5 Re8 25. Qd2 Qc8 26. Bb1 Ref8 27. Ng5 Rg6 28. Nf3 e4 29. Nh2 Bg5 30. Qe2 Bh4 31. Nh5 Nxh5 32. Qxh5 Qd8 33. Kf1 Bg5 34. Qe2 Bf4 35. g3 Be5 36. Qe3 f4 37. gxf4 Bxf4 38. Qxe4 Bxh3+ 39. Ke2 Re8 40. Kd3 Rxe4 41. Kxe4 Bxh2 42. f4 Bg2+ 43. Kf5 Qf6# 0-1

[Event "Wch U14"]
[Site "Kemer"]
[Date "2009.11.21"]
[Round "10"]
[White "Koc, Omer Tarik"]
[Black "Rozovsky, Daniel"]
[Result "0-1"]
[WhiteElo "1867"]
[BlackElo "2058"]
[PlyCount "76"]
[EventDate "2009.11.12"]
[EventType "swiss"]
[EventRounds "11"]
[EventCountry "TUR"]
[SourceTitle "EXT 2010"]
[Source "ChessBase"]
[SourceDate "2010.11.25"]
[SourceVersion "1"]
[SourceVersionDate "2010.11.25"]
[SourceQuality "1"]

1. e4 e5 2. Nf3 Nc6 3. Bb5 a6 4. Ba4 Nf6 5. d3 b5 6. Bb3 Be7 7. c3 d6 8. Nbd2 0-0 9. Nf1 Na5 10. Bc2 c5 11. Ng3 Qc7 12. 0-0 Re8 13. Re1 Nc6 14. h3 d5 15. Bg5 d4 16. Nh2 h6 17. Bd2 Be6 18. Qf3 dxc3 19. bxc3 b4 20. Nf5 bxc3 21. Bxc3 Nd4 22. Bxd4 cxd4 23. Ba4 Rec8 24. Rac1 Qxc1 25. Nxe7+ Kf8 26. Rxc1 Rxc1+ 27. Bd1 Kxe7 28. Ng4 Nxg4 29. hxg4 Rb8 30. Kh2 Rb2 31. Bb3 Rf1 32. Bxe6 Rfxf2 33. Qd1 Rxg2+ 34. Kh3 Rh2+ 35. Kg3 Rbg2+ 36. Kf3 Rf2+ 37. Kg3 Rfg2+ 38. Kf3 Rd2 0-1

[Event "Wch U14"]
[Site "Kemer"]
[Date "2009.11.16"]
[Round "5"]
[White "Rozovsky, Daniel"]
[Black "Jacobsen, Mads Holger"]
[Result "1-0"]
[WhiteElo "2058"]
[BlackElo "1914"]
[PlyCount "69"]
[EventDate "2009.11.12"]
[EventType "swiss"]
[EventRounds "11"]
[EventCountry "TUR"]
[SourceTitle "EXT 2010"]
[Source "ChessBase"]
[SourceDate "2010.11.25"]
[SourceVersion "1"]
[SourceVersionDate "2010.11.25"]
[SourceQuality "1"]

1. e4 c5 2. Nf3 e6 3. d4 cxd4 4. Nxd4 Nc6 5. Nc3 a6 6. Be2 Qc7 7. Be3 Nf6 8. 0-0 Bb4 9. Na4 Be7 10. Nxc6 bxc6 11. Nb6 Rb8 12. Nxc8 Qxc8 13. e5 Nd5 14. Bc1 0-0 15. c4 Nc7 16. b3 f6 17. Bb2 fxe5 18. Bxe5 Rf5 19. f4 Qd8 20. Bd3 Rf7 21. Qh5 h6 22. Bh7+ Kf8 23. Bg6 Rf6 24. g4 Bc5+ 25. Kg2 d6 26. Rad1 Qe7 27. g5 Rxg6 28. Qxg6 dxe5 29. fxe5+ Kg8 30. gxh6 Ne8 31. Rf7 Qxf7 32. h7+ Kf8 33. h8Q+ Ke7 34. Rd7+ Kxd7 35. Qxf7+ 1-0